Đối sánh mối quan hệ giữa Nho - Phật - Đạo thời Lý - Trần (Việt Nam) và thời Tùy - Đường (Trung Quốc)

Tổng quan về bối cảnh lịch sử và sự phát triển của Nho, Phật, Đạo ở Việt Nam thời Lý - Trần và Trung Quốc thời Tùy - Đường. Những nét tương đồng và dị biệt trong mối quan hệ giữa Nho - Phật - Đạo thời Lý - Trần (Việt Nam) và thời Tùy - Đường (Trung Quốc). Một số nhận xét, đánh giá về mối quan hệ giữ...

詳細記述

保存先:
書誌詳細
第一著者: Trần Thị Giang
その他の著者: Lê Thị Mai (Hướng dẫn)
フォーマット: 図書
出版事項: Đà Nẵng Đại học Sư phạm, Đại học Đà Nẵng 2012
主題:
タグ: タグ追加
タグなし, このレコードへの初めてのタグを付けませんか!
Thư viện lưu trữ: Mạng thư viện Đại học Đà Nẵng
LEADER 02134nam a2200337 4500
001 000017211
003 13626
005 20130320100351.0
008 130320s2012 sd
082 |a 299.597  |b TR-G 
100 1 |a Trần Thị Giang 
245 |a Đối sánh mối quan hệ giữa Nho - Phật - Đạo thời Lý - Trần (Việt Nam) và thời Tùy - Đường (Trung Quốc)  |c Trần Thị Giang ; Lê Thị Mai hướng dẫn  |k Khóa luận tốt nghiệp 
260 |a Đà Nẵng  |b Đại học Sư phạm, Đại học Đà Nẵng  |c 2012 
300 |a 73 tr., phụ lục 8 tr.  |b Hình mh.  |c 29 cm.  |e Đĩa CD,Tài liệu tóm tắt 
500 |a Khóa luận tốt nghiệp đại học. Chuyên ngành: Sư phạm Lịch sử 
504 |a Mục lục đầu trang, tài liệu tham khảo tr. 73 - 74, phụ lục [13 tr.] 
520 |a Tổng quan về bối cảnh lịch sử và sự phát triển của Nho, Phật, Đạo ở Việt Nam thời Lý - Trần và Trung Quốc thời Tùy - Đường. Những nét tương đồng và dị biệt trong mối quan hệ giữa Nho - Phật - Đạo thời Lý - Trần (Việt Nam) và thời Tùy - Đường (Trung Quốc). Một số nhận xét, đánh giá về mối quan hệ giữa Nho - Phật - Đạo thời Lý - Trần (Việt Nam) và thời Tùy - Đường (Trung Quốc) 
600 1 4 |b Vua  |c Đinh Tiên Hoàng 
650 0 4 |a Tôn giáo  |v Khóa luận tốt nghiệp  |x Nghiên cứu  |y Thời Lý - Trần, Thời Tùy - Đường  |z Việt Nam - Trung Quốc 
653 |a Tôn giáo  |a Đạo giáo  |a Phật giáo  |a Nho giáo 
700 |a Lê Thị Mai  |e Hướng dẫn 
OWN |a LSP 
AVA |a UDN50  |b LSP  |d 299.597 TR-G  |e available  |t Error 5001 Not defined in file expand_doc_bib_avail.  |f 1  |g 0  |h N  |i 0  |k 1 
999 |a From the UDN01 
AVA |a UDN50  |b LSP  |d 299.597 TR-G  |e available  |t Error 5001 Not defined in file expand_doc_bib_avail.  |f 1  |g 0  |h N  |i 0  |k 1 
TYP |a Monograph 
TYP |a Printed language 
980 |a Mạng thư viện Đại học Đà Nẵng